| 000 -LEADER |
| fixed length control field |
00784cam a22002894a 4500 |
| 020 ## - INTERNATIONAL STANDARD BOOK NUMBER |
| ISBN |
9781416049715 |
| 020 ## - INTERNATIONAL STANDARD BOOK NUMBER |
| ISBN |
1416049711 |
| 040 ## - CATALOGING SOURCE |
| Transcribing agency |
DLC |
| 082 00 - DEWEY DECIMAL CLASSIFICATION NUMBER |
| Classification number |
617 SAU 2010 A115 Or. |
| 245 00 - TITLE STATEMENT |
| Title |
Arthritis & arthroplasty. |
| 246 3# - VARYING FORM OF TITLE |
| Title proper/short title |
Arthritis and arthroplasty. |
| 246 30 - VARYING FORM OF TITLE |
| Title proper/short title |
Hand, wrist and elbow |
| 260 ## - PUBLICATION, DISTRIBUTION, ETC. (IMPRINT) |
| Place of publication |
Philadelphia, Pa. : |
| Name of publisher |
Saunders/Elsevier, |
| Year of publication |
c2010. |
| 300 ## - PHYSICAL DESCRIPTION |
| Number of Pages |
xiv, 312 p. : |
| Other physical details |
ill. (some col.) ; |
| Dimensions |
29 cm. + |
| Accompanying material |
1 DVD-ROM (4 3/4 in.) |
| 490 1# - SERIES STATEMENT |
| Series statement |
Arthritis & arthroplasty series |
| 650 #0 - SUBJECT ADDED ENTRY--TOPICAL TERM |
| Topical Term |
Hand |
| 650 #0 - SUBJECT ADDED ENTRY--TOPICAL TERM |
| Topical Term |
Elbow |
| 650 #0 - SUBJECT ADDED ENTRY--TOPICAL TERM |
| Topical Term |
Wrist |
| 650 12 - SUBJECT ADDED ENTRY--TOPICAL TERM |
| Topical Term |
Hand Joints |
| 650 22 - SUBJECT ADDED ENTRY--TOPICAL TERM |
| Topical Term |
Arthritis |
| 650 22 - SUBJECT ADDED ENTRY--TOPICAL TERM |
| Topical Term |
Arthroplasty |
| 650 22 - SUBJECT ADDED ENTRY--TOPICAL TERM |
| Topical Term |
Elbow Joint |
| 650 22 - SUBJECT ADDED ENTRY--TOPICAL TERM |
| Topical Term |
Wrist Joint |
| 700 1# - ADDED ENTRY--PERSONAL NAME |
| Personal name |
Chhabra, Anikar. |
| 700 1# - ADDED ENTRY--PERSONAL NAME |
| Personal name |
Isaacs, Jonathan E. |
| 942 ## - ADDED ENTRY ELEMENTS (KOHA) |
| Koha item type |
ADB |
| 952 ## - LOCATION AND ITEM INFORMATION (KOHA) |
| Withdrawn status [LOCAL, KOHA] |
0 |
| 952 ## - LOCATION AND ITEM INFORMATION (KOHA) |
| Withdrawn status [LOCAL, KOHA] |
0 |